logo

Bir Sreshtho Munshi Abdur Rouf Library
Jhenaidah Cadet College

Defend Your ISSB: (Record no. 13527)

MARC details
000 -LEADER
fixed length control field 00556nam a2200205 a 4500
001 - CONTROL NUMBER
JCCL Control Number 13527
003 - CONTROL NUMBER IDENTIFIER
JCCL marc code BD-JhCC
005 - DATE AND TIME OF LATEST TRANSACTION
control field 20240116130808.0
008 - FIXED-LENGTH DATA ELEMENTS--GENERAL INFORMATION
fixed length control field 180809s2021 bg a|||| |||| 000 0 eng d
035 ## - SYSTEM CONTROL NUMBER
system control number (BD-JhCC)13527
040 ## - CATALOGING SOURCE
Original cataloging agency BD-JhCC
Modifying agency BD-JhCC
041 ## - LANGUAGE CODE
Language code of Book English
082 ## - DEWEY DECIMAL CLASSIFICATION NUMBER
Classification number 355
Author mark and Year RIF 2021
100 ## - MAIN ENTRY--PERSONAL NAME
Personal name Rifat, Ahsan al
245 ## - TITLE STATEMENT
Title Defend Your ISSB:
Remainder of title Practical Workbook Towards Green card /
Statement of responsibility, etc Ahsan al-Rifat.
260 ## - PUBLICATION, DISTRIBUTION, ETC. (IMPRINT)
Place of publication, distribution, etc Dhaka :
Name of publisher, distributor, etc Bangladesh Army;
Date of publication, distribution, etc 2021.
300 ## - PHYSICAL DESCRIPTION
Pagination 300 p. :
Other physical details ill. ;
Dimensions 20 cm.
650 ## - SUBJECT ADDED ENTRY--TOPICAL TERM
Topical term or geographic name as entry element ISSB
942 ## - ADDED ENTRY ELEMENTS (KOHA)
Source of classification or shelving scheme Dewey Decimal Classification
Koha item type Books
Koha issues (borrowed), all copies 2
Holdings
Source of classification or shelving scheme Damaged status Not for loan Home library Current library Shelving location Date of accession Total Checkouts Full call number Barcode Date last seen Date checked out Copy number Method of acquisition Koha item type Currency
Dewey Decimal Classification     JCC Rouf Library JCC Rouf Library General Stacks 01/16/2024 9 355 RIF 2021 18632 11/04/2025 11/03/2025 C-1 Gift/Donation Books BDT

JCC Library | Contacts | JCC Home

Last Update on 23 September 2017
Copyright @ 2017-2020 JCC Rouf Library
Rouf Library, Jhenidah Cadet College (JCC), Bangladesh